Estuche con los reactivos que necesita y puede manejar el agricultor para reconocer las condiciones del mosto y del vino / arreglado por Luis Justo Villanueva
Descripción Física:
[4] p. ; 31 cm
MARC
| LEADER | 00000nam a2200000Ia 4500 | ||
|---|---|---|---|
| 001 | 23551 | ||
| 008 | 160829s1863 xx 000 0 cat d | ||
| 080 | |a RF-17-31 | ||
| 245 | |a Estuche con los reactivos que necesita y puede manejar el agricultor para reconocer las condiciones del mosto y del vino / arreglado por Luis Justo Villanueva | ||
| 260 | |a Barcelona : |b Imp. de los Herederos de la V. Pla, |c 1863 | ||
| 300 | |a [4] p. ; |c 31 cm | ||
| 590 | |a Prové de 931, exp. 16 | ||
| 650 | 0 | |a Vinicultura |9 30930 | |
| 650 | |a Most |x Anàlisi |9 48948 | ||
| 650 | |a Vi |x Anàlisi |9 48949 | ||
| 856 | 4 | |u https://media.diba.cat/diba/fitxers/arxiu/fulletons/bib_23551_1863_baixa.pdf |y Accés lliure | |
| 856 | 4 | |u https://media.diba.cat/diba/fitxers/arxiu/fulletons/bib_23551_1863_baixa.pdf |y Accés lliure | |
| 901 | |a Arxiu | ||
| 942 | |n 1 |2 udc | ||
| 952 | |0 0 |1 0 |4 0 |6 RF1731 |7 1 |9 54996 |a Arxiu |b Arxiu |d 2012-08-07 |l 0 |o RF-17-31 |p 23551 |r 2016-12-01 00:00:00 |w 2016-12-01 |y ARXIU | ||
| 999 | |c 58866 |d 58866 | ||
| 900 | |a bib_23551_1863_baixa.pdf | ||